Ungarns Staatsrecht nach dem Weltkrieg

Elmentve itt :
Bibliográfiai részletek
Szerző: Csekey István
Dokumentumtípus: Cikk
Megjelent: 1926
Sorozat:Kolligátum
Kulcsszavak:Magyarország története - 1920
Online Access:http://misc.bibl.u-szeged.hu/23599
LEADER 00549nab a2200169 i 4500
001 misc23599
005 20191111110511.0
008 170822s1926 hu o 0|| zxx d
040 |a SZTE Miscellanea Repozitórium  |b hun 
041 |a zxx 
100 1 |a Csekey István 
245 1 0 |a Ungarns Staatsrecht nach dem Weltkrieg  |h [elektronikus dokumentum] /  |c  Csekey István 
260 |c 1926 
300 |a 407-483 
490 0 |a Kolligátum 
695 |a Magyarország története - 1920 
856 4 0 |u http://misc.bibl.u-szeged.hu/23599/1/09936_407-483.pdf  |z Dokumentum-elérés